Musicians By Initial: The Letter - L - Statistics

General Stats
  • This quiz has been taken 201 times
  • The average score is 7 of 22
Answer Stats
Inits Clue Answer % Correct
LG Oasis vocalist Liam Gallagher
89%
LR Took a 'Walk On The Wild Side' Lou Reed
75%
LU Danish drummer, and co-founder of Metallica. Lars Ulrich
70%
LV American soul singer. Duetted with Mariah Carey on the 1994 hit 'Endless Love' Luther Vandross
53%
LK Highly successful female rappper, known for sexually explicit lyrics, her albums include Hardcore, and The Naked Truth - Please give full stage name Lil Kim
50%
LS UK super-permed 70's pop singer. 'You Make Me Feel Like Dancing' Leo Sayer
45%
LC Canadian singer-songwriter. 'Suzanne' 'Sisters Of Mercy' Leonard Cohen
38%
LA Country singer who "never promised you a rose garden" Lynn Anderson
38%
LD US Female singer-songwriter. Breakthrough hit was 'Video Games' (2011) Lana Del Rey
37%
LM Drummer for U2 Larry Mullen
37%
LY US jazz tenor sax player nicknamed 'Prez'. Played with Count Basie, Fletcher Henderson, & Billie Holiday. Mingus' 'Goodbye Pork Pie Hat' was written in his memory. Lester Young
31%
LL US/UK Singer. She had UK hits with 'Lucky Number' 'Say When' & 'Bird Song' Lene Lovich
21%
LF British born lead guitarist for The Runaways Lita Ford
21%
LH Singer who went to 'Jackson' with Nancy Sinatra Lee Hazelwood
20%
LZ Scottish child singing star. Won Opportunity Knocks aged ten. Died tragically young at the age of 35, having suffered from clinical depression and anorexia. Lena Zavaroni
20%
LW Rock'n'Roll guitarist. Recorded the instrumentals 'Rumble' and 'Ace of Spades' Link Wray
15%
LP Legendary Jamaican producer and singer. An innovative force in Dub and Reggae. Worked with Bob Marley, The Congos, The Heptones. Lee 'Scratch' Perry
13%
LI Lead singer with The Cramps Lux Interior
13%
LN Female US singer-songwriter, wrote 'Wedding Bell Blues and 'Stoned Soul Picnic.' Died in 1997 aged just 49. Laura Nyro
12%
LB Lead singer for Dr Feelgood Lee Brilleaux
12%
LT Founding member of The Cure. Originally the drummer, then later on played keyboards. Lol Tolhurst
9%
LJ US saxophonist & jazz band leader. Developed his own style of Jump Blues. Recorded the song 'Five Guys Named Moe' Louis Jordan
6%
No matching quizzes found
Score Distribution
Percent of People with Each Score
Percentile by Number Answered
Your Score History
You have not taken this quiz